大阪メトロの駅(五十音順) - Statistics

General Stats
  • This quiz has been taken 47 times
  • The average score is 69 of 109
Answer Stats
頭文字 路線 駅名 % Correct
御堂筋線 梅田
100%
御堂筋線/四つ橋線/千日前線 なんば
100%
千日前線/今里筋線 今里
96%
御堂筋線/長堀鶴見緑地線 心斎橋
96%
谷町線/千日前線 谷町九丁目
96%
谷町線/中央線 谷町四丁目
96%
谷町線/長堀鶴見緑地線 谷町六丁目
96%
御堂筋線/谷町線 天王寺
96%
御堂筋線 なかもず
96%
四つ橋線 西梅田
96%
中央線/ニュートラム コスモスクエア
92%
御堂筋線 新大阪
92%
御堂筋線/四つ橋線/中央線 本町
92%
谷町線/堺筋線 天神橋筋六丁目
88%
御堂筋線/堺筋線 動物園前
88%
千日前線/堺筋線 日本橋
88%
中央線 夢洲
88%
御堂筋線 淀屋橋
88%
御堂筋線 あびこ
84%
御堂筋線 江坂
84%
中央線/堺筋線 堺筋本町
84%
御堂筋線 中津
84%
谷町線 東梅田
84%
長堀鶴見緑地線 京橋
80%
御堂筋線 新金岡
80%
四つ橋線/ニュートラム 住之江公園
80%
御堂筋線/四つ橋線 大国町
80%
千日前線 鶴橋
80%
御堂筋線 長居
80%
中央線 長田
80%
御堂筋線 西中島南方
80%
中央線/長堀鶴見緑地線 森ノ宮
80%
四つ橋線 四ツ橋
80%
中央線 大阪港
76%
谷町線 四天王寺前夕陽ヶ丘
76%
中央線 弁天町
76%
御堂筋線 北花田
72%
長堀鶴見緑地線 大正
72%
長堀鶴見緑地線 鶴見緑地
72%
谷町線 天満橋
72%
堺筋線/長堀鶴見緑地線 長堀橋
72%
御堂筋線 東三国
72%
千日前線 南巽
72%
中央線/千日前線 阿波座
68%
千日前線 北巽
68%
谷町線 大日
68%
堺筋線 天下茶屋
68%
千日前線 野田阪神
68%
谷町線 守口
68%
谷町線 八尾南
68%
谷町線 阿倍野
64%
堺筋線 北浜
64%
谷町線 喜連瓜破
64%
中央線 朝潮橋
60%
長堀鶴見緑地線 大阪ビジネスパーク
60%
四つ橋線 北加賀屋
60%
中央線 九条
60%
四つ橋線 玉出
60%
ニュートラム トレードセンター前
60%
谷町線 平野
60%
長堀鶴見緑地線 門真南
56%
四つ橋線 岸里
56%
千日前線 桜川
56%
御堂筋線 昭和町
56%
谷町線/今里筋線 太子橋今市
56%
御堂筋線 西田辺
56%
谷町線 野江内代
56%
四つ橋線 肥後橋
56%
谷町線 関目高殿
52%
谷町線 田辺
52%
長堀鶴見緑地線 玉造
52%
長堀鶴見緑地線 ドーム前千代崎
52%
千日前線/長堀鶴見緑地線 西長堀
52%
ニュートラム フェリーターミナル
52%
中央線/今里筋線 緑橋
52%
谷町線/堺筋線 南森町
52%
谷町線 千林大宮
48%
谷町線 出戸
48%
ニュートラム ポートタウン西
48%
ニュートラム ポートタウン東
48%
谷町線 都島
48%
今里筋線 井高野
44%
堺筋線 恵美須町
44%
堺筋線 扇町
44%
長堀鶴見緑地線/今里筋線 蒲生四丁目
44%
今里筋線 関目成育
44%
中央線 高井田
44%
千日前線 玉川
44%
谷町線 中崎町
44%
谷町線 長原
44%
ニュートラム 中ふ頭
44%
ニュートラム 南港東
44%
長堀鶴見緑地線 松屋町
44%
今里筋線 鴫野
40%
千日前線 小路
40%
中央線 深江橋
40%
長堀鶴見緑地線 今福鶴見
36%
谷町線 駒川中野
36%
今里筋線 清水
36%
千日前線 新深江
36%
今里筋線 だいどう豊里
36%
長堀鶴見緑地線 西大橋
36%
四つ橋線 花園町
36%
ニュートラム 平林
36%
長堀鶴見緑地線 横堤
36%
今里筋線 新森古市
32%
今里筋線 瑞光四丁目
32%
谷町線 文の里
32%
ニュートラム 南港口
28%
No matching quizzes found
Score Distribution
Percent of People with Each Score
Percentile by Number Answered
Your Score History
You have not taken this quiz